Жизнь, отданная народу : (Record no. 513145)
[ view plain ]
| 000 -LEADER | |
|---|---|
| fixed length control field | 00634cam a2200169 i 4500 |
| 001 - CONTROL NUMBER | |
| control field | 000010852 |
| 003 - CONTROL NUMBER IDENTIFIER | |
| control field | AM-YEHGA |
| 005 - DATE AND TIME OF LATEST TRANSACTION | |
| control field | 20250617163821.0 |
| 008 - FIXED-LENGTH DATA ELEMENTS--GENERAL INFORMATION | |
| fixed length control field | 030224s1961 ai | | | 0|||u|rus|d |
| 040 ## - CATALOGING SOURCE | |
| Original cataloging agency | AM-YeHGA |
| 090 ## - LOCALLY ASSIGNED LC-TYPE CALL NUMBER (OCLC); LOCAL CALL NUMBER (RLIN) | |
| -- | 516660 |
| 100 1# - MAIN ENTRY--PERSONAL NAME | |
| Personal name | Корнейчик, Тимофей Денисович |
| 245 10 - TITLE STATEMENT | |
| Title | Жизнь, отданная народу : |
| Remainder of title | К 130-летию со дня рождения И.Н. Ульянова / |
| Statement of responsibility, etc. | Т.Д. Корнейчик. |
| 260 ## - PUBLICATION, DISTRIBUTION, ETC. | |
| Place of publication, distribution, etc. | Ульяновск |
| Name of publisher, distributor, etc. | Ульяновское кн. изд-во, |
| Date of publication, distribution, etc. | 1961. |
| 300 ## - PHYSICAL DESCRIPTION | |
| Extent | 104 с. |
| 650 14 - SUBJECT ADDED ENTRY--TOPICAL TERM | |
| Topical term or geographic name entry element | Педагогика. Школа в целом |
| Withdrawn status | Lost status | Source of classification or shelving scheme | Damaged status | Not for loan | Collection | Home library | Current library | Date acquired | Total checkouts | Full call number | Barcode | Date last seen | Price effective from | Koha item type | Public note |
|---|---|---|---|---|---|---|---|---|---|---|---|---|---|---|---|
| Universal Decimal Classification | General | Fundamental Scientific Library | Fundamental Scientific Library | 19/07/2021 | PII/56850 | FL0653960 | 19/07/2021 | 19/07/2021 | Գրքեր / Books | 30 Days Loan |
ՀՀ Գիտությունների ազգային ակադեմիայի հիմնարար գիտական գրադարան = Fundamental Scientific Library of NAS RA
All site content, except where otherwise noted, is licensed under a